<?xml version='1.0' encoding='UTF-8'?>
  <record xmlns="http://www.loc.gov/MARC21/slim">
    <leader>00000ctm a2200000 i 4500</leader>
    <controlfield tag="001">on1078687312</controlfield>
    <controlfield tag="003">OCoLC</controlfield>
    <controlfield tag="005">20240202180208.2</controlfield>
    <controlfield tag="008">181211s1750    ne       d    000 0 lat d</controlfield>
    <datafield tag="040" ind1=" " ind2=" ">
      <subfield code="a">QGJ</subfield>
      <subfield code="b">eng</subfield>
      <subfield code="e">rda</subfield>
      <subfield code="e">dcrmmss</subfield>
      <subfield code="c">QGJ</subfield>
      <subfield code="d">OCL</subfield>
      <subfield code="d">QGJ</subfield>
      <subfield code="d">OCLCQ</subfield>
      <subfield code="d">OCLCO</subfield>
      <subfield code="d">OCLCL</subfield>
    </datafield>
    <datafield tag="035" ind1=" " ind2=" ">
      <subfield code="a">(OCoLC)1078687312</subfield>
    </datafield>
    <datafield tag="100" ind1="1" ind2=" ">
      <subfield code="a">Harkenroth, Isebrandus Eilhardus,</subfield>
      <subfield code="d">1693-1770,</subfield>
      <subfield code="e">author</subfield>
      <subfield code="4">aut</subfield>
    </datafield>
    <datafield tag="245" ind1="1" ind2="0">
      <subfield code="a">Isebr. Eil. Harkenrothii Lectiones litterariae ad glossas Isidori,</subfield>
      <subfield code="f">UBU Hs. 923 (Hs 1 J 10).</subfield>
    </datafield>
    <datafield tag="246" ind1="3" ind2=" ">
      <subfield code="a">Lectiones litterariae ad glossas Isidori</subfield>
    </datafield>
    <datafield tag="246" ind1="1" ind2=" ">
      <subfield code="i">Title on first page preliminaries:</subfield>
      <subfield code="a">Liber glossarum, ex variis glossariis quae sub Isidori nomine circumferuntur, collectus</subfield>
    </datafield>
    <datafield tag="264" ind1=" " ind2="0">
      <subfield code="a">[Netherlands],</subfield>
      <subfield code="c">[approximately 1750].</subfield>
    </datafield>
    <datafield tag="300" ind1=" " ind2=" ">
      <subfield code="a">[8], 448 pages ;</subfield>
      <subfield code="c">212 x 162 mm</subfield>
    </datafield>
    <datafield tag="336" ind1=" " ind2=" ">
      <subfield code="a">text</subfield>
      <subfield code="b">txt</subfield>
      <subfield code="2">rdacontent</subfield>
    </datafield>
    <datafield tag="337" ind1=" " ind2=" ">
      <subfield code="a">unmediated</subfield>
      <subfield code="b">n</subfield>
      <subfield code="2">rdamedia</subfield>
    </datafield>
    <datafield tag="338" ind1=" " ind2=" ">
      <subfield code="a">volume</subfield>
      <subfield code="b">nc</subfield>
      <subfield code="2">rdacarrier</subfield>
    </datafield>
    <datafield tag="340" ind1=" " ind2=" ">
      <subfield code="a">paper</subfield>
      <subfield code="2">rdamat</subfield>
    </datafield>
    <datafield tag="520" ind1="2" ind2=" ">
      <subfield code="a">Notes by Isebrandus Eilhardus Harkenroth to the Glossarium Isidori, published as Isidori Glossarium et excerpta Petri Pithoei, cum notis &amp; animadversionibus Joannis Georgii Graevii, and, Theod. Janssonii ab Almeloveen Auctarium et collectanea in Glossarium Isidori, in volume 2 of the printed edition: Matthias Martini. Lexicon philologicum : præcipue etymologicum et sacrum ... - Trajecti ad Rhenum : apud Anthonium Schouten, 1698.</subfield>
    </datafield>
    <datafield tag="524" ind1="8" ind2=" ">
      <subfield code="a">Cite as: Universiteitsbibliotheek Utrecht Hs. 923 (Hs 1 J 10).</subfield>
    </datafield>
    <datafield tag="563" ind1=" " ind2=" ">
      <subfield code="a">Parchment binding over pasteboards covered with marbled paper.</subfield>
    </datafield>
    <datafield tag="581" ind1=" " ind2=" ">
      <subfield code="a">P.A. Tiele, Catalogus codicum manu scriptorum Bibliothecae Universitatis Rheno-Trajectinae. I. Trajecti ad Rhenum / Hagae Comitis 1887. P. 227.</subfield>
    </datafield>
    <datafield tag="600" ind1="1" ind2="0">
      <subfield code="a">Almeloveen, Theodoor Jansson ab,</subfield>
      <subfield code="d">1657-1712.</subfield>
    </datafield>
    <datafield tag="600" ind1="0" ind2="0">
      <subfield code="a">Isidore,</subfield>
      <subfield code="c">of Seville, Saint,</subfield>
      <subfield code="d">-636</subfield>
      <subfield code="x">Language</subfield>
      <subfield code="v">Glossaries, vocabularies, etc.</subfield>
    </datafield>
    <datafield tag="600" ind1="1" ind2="0">
      <subfield code="a">Graevius, Joannes Georgius,</subfield>
      <subfield code="d">1632-1703.</subfield>
    </datafield>
    <datafield tag="600" ind1="1" ind2="0">
      <subfield code="a">Pithou, Pierre,</subfield>
      <subfield code="d">1539-1596.</subfield>
    </datafield>
    <datafield tag="650" ind1=" " ind2="0">
      <subfield code="a">Latin language</subfield>
      <subfield code="v">Dictionaries</subfield>
      <subfield code="v">Early works to 1700.</subfield>
    </datafield>
    <datafield tag="650" ind1=" " ind2="6">
      <subfield code="a">Latin (Langue)</subfield>
      <subfield code="v">Dictionnaires</subfield>
      <subfield code="v">Ouvrages avant 1700.</subfield>
    </datafield>
    <datafield tag="600" ind1="1" ind2="7">
      <subfield code="a">Almeloveen, Theodoor Jansson ab,</subfield>
      <subfield code="d">1657-1712</subfield>
      <subfield code="2">fast</subfield>
      <subfield code="0">(OCoLC)fst00126050</subfield>
      <subfield code="1">https://id.oclc.org/worldcat/entity/E39PBJwhCKhQ4xtJxJjyqp3PcP</subfield>
    </datafield>
    <datafield tag="600" ind1="1" ind2="7">
      <subfield code="a">Pithou, Pierre,</subfield>
      <subfield code="d">1539-1596.</subfield>
      <subfield code="2">fast</subfield>
      <subfield code="0">(OCoLC)fst00234194</subfield>
      <subfield code="1">https://id.oclc.org/worldcat/entity/E39PBJjCX98CrCg9v84dFYYdcP</subfield>
    </datafield>
    <datafield tag="600" ind1="0" ind2="7">
      <subfield code="a">Isidore,</subfield>
      <subfield code="c">of Seville, Saint,</subfield>
      <subfield code="d">-636</subfield>
      <subfield code="2">fast</subfield>
      <subfield code="0">(OCoLC)fst01801057</subfield>
      <subfield code="1">https://id.oclc.org/worldcat/entity/E39PBJccg6pFYTKbGrV9tfFMyd</subfield>
    </datafield>
    <datafield tag="600" ind1="1" ind2="7">
      <subfield code="a">Graevius, Joannes Georgius,</subfield>
      <subfield code="d">1632-1703.</subfield>
      <subfield code="2">fast</subfield>
      <subfield code="0">(OCoLC)fst00091106</subfield>
      <subfield code="1">https://id.oclc.org/worldcat/entity/E39PBJrWFm9KX3xKrPgrd3vbVC</subfield>
    </datafield>
    <datafield tag="650" ind1=" " ind2="7">
      <subfield code="a">Language and languages.</subfield>
      <subfield code="2">fast</subfield>
      <subfield code="0">(OCoLC)fst00992154</subfield>
    </datafield>
    <datafield tag="650" ind1=" " ind2="7">
      <subfield code="a">Latin language.</subfield>
      <subfield code="2">fast</subfield>
      <subfield code="0">(OCoLC)fst00993125</subfield>
    </datafield>
    <datafield tag="655" ind1=" " ind2="7">
      <subfield code="a">Dictionaries.</subfield>
      <subfield code="2">fast</subfield>
      <subfield code="0">(OCoLC)fst01423826</subfield>
    </datafield>
    <datafield tag="655" ind1=" " ind2="7">
      <subfield code="a">Early works.</subfield>
      <subfield code="2">fast</subfield>
      <subfield code="0">(OCoLC)fst01411636</subfield>
    </datafield>
    <datafield tag="655" ind1=" " ind2="7">
      <subfield code="a">Glossaries, vocabularies, etc.</subfield>
      <subfield code="2">fast</subfield>
      <subfield code="0">(OCoLC)fst01423786</subfield>
    </datafield>
    <datafield tag="700" ind1="0" ind2=" ">
      <subfield code="a">Isidore,</subfield>
      <subfield code="c">of Seville, Saint,</subfield>
      <subfield code="d">-636,</subfield>
      <subfield code="e">author.</subfield>
      <subfield code="4">aut</subfield>
      <subfield code="1">https://id.oclc.org/worldcat/entity/E39PBJccg6pFYTKbGrV9tfFMyd</subfield>
    </datafield>
    <datafield tag="710" ind1="2" ind2=" ">
      <subfield code="a">Universiteit Utrecht.</subfield>
      <subfield code="b">Bibliotheek.</subfield>
      <subfield code="k">Manuscript</subfield>
      <subfield code="n">(Hs. 923 (Hs 1 J 10th))</subfield>
    </datafield>
    <datafield tag="758" ind1=" " ind2=" ">
      <subfield code="i">has work:</subfield>
      <subfield code="a">Isebr. Eil. Harkenrothii Lectiones litterariae ad glossas Isidori UBU Hs. 923 (Hs 1 J 10) (Text)</subfield>
      <subfield code="1">https://id.oclc.org/worldcat/entity/E39PCG7vwpjWJMTGYHCv6R7gGb</subfield>
      <subfield code="4">https://id.oclc.org/worldcat/ontology/hasWork</subfield>
    </datafield>
  </record>